| 000 | 00478nam a22001817a 4500 | ||
|---|---|---|---|
| 003 | CEME | ||
| 005 | 20210628204002.0 | ||
| 008 | 210113b xxu||||| |||| 00| 0 eng d | ||
| 020 | _a9780140148114 | ||
| 040 | _cceme | ||
| 082 | _a823.914 SID | ||
| 100 |
_aSidhwa, Bapsi _99819 |
||
| 245 | _aThe pakistani bride | ||
| 260 |
_aNEW DELHI _bPENGUIN BOOKS _c1990 |
||
| 300 | _a244P | ||
| 650 |
_aPAKISTANI BRIDE.ENGLISH LITERATURE-THE PAKISTANI BRIDE. _968148 |
||
| 942 |
_cBK _2ddc |
||
| 999 |
_c575779 _d575779 |
||